<?xml version="1.0" encoding="UTF-8"?><?xml-stylesheet type="text/xsl" href="static/style.xsl"?><OAI-PMH xmlns="http://www.openarchives.org/OAI/2.0/" xmlns:xsi="http://www.w3.org/2001/XMLSchema-instance" xsi:schemaLocation="http://www.openarchives.org/OAI/2.0/ http://www.openarchives.org/OAI/2.0/OAI-PMH.xsd"><responseDate>2026-06-06T04:39:01Z</responseDate><request verb="GetRecord" identifier="oai:riuma.uma.es:10630/21007" metadataPrefix="marc">https://riuma.uma.es/rest/oai/request</request><GetRecord><record><header><identifier>oai:riuma.uma.es:10630/21007</identifier><datestamp>2026-02-03T11:47:22Z</datestamp><setSpec>com_10630_2254</setSpec><setSpec>col_10630_37959</setSpec></header><metadata><record xmlns="http://www.loc.gov/MARC21/slim" xmlns:dcterms="http://purl.org/dc/terms/" xmlns:doc="http://www.lyncode.com/xoai" xmlns:xsi="http://www.w3.org/2001/XMLSchema-instance" xsi:schemaLocation="http://www.loc.gov/MARC21/slim http://www.loc.gov/standards/marcxml/schema/MARC21slim.xsd">
   <leader>00925njm 22002777a 4500</leader>
   <datafield ind2=" " ind1=" " tag="042">
      <subfield code="a">dc</subfield>
   </datafield>
   <datafield ind2=" " ind1=" " tag="720">
      <subfield code="a">Díaz-Muñoz, Rocío</subfield>
      <subfield code="e">author</subfield>
   </datafield>
   <datafield ind2=" " ind1=" " tag="720">
      <subfield code="a">Quintana-García, Cristina</subfield>
      <subfield code="e">author</subfield>
   </datafield>
   <datafield ind2=" " ind1=" " tag="720">
      <subfield code="a">Marchante-Lara, Macarena</subfield>
      <subfield code="e">author</subfield>
   </datafield>
   <datafield ind2=" " ind1=" " tag="260">
      <subfield code="c">2021</subfield>
   </datafield>
   <datafield ind2=" " ind1=" " tag="520">
      <subfield code="a">El Espacio Europeo de Educación Superior (EEES) propugna un modelo educativo avanzado que introduce ciertos cambios esenciales. El rol del alumno pasa a desempeñar un protagonismo vital en el proceso de aprendizaje, intentando maximizar su efectividad. En este marco, definido como abierto y dinámico, el modelo educativo se basa en el desarrollo de una serie de competencias principales específicas, así como de otras de carácter transversal, relacionadas con la formación integral, personal y profesional de las personas.&#xd;
El presente trabajo muestra los resultados obtenidos en un proyecto de innovación docente orientado al diseño de instrumentos pedagógicos para el desarrollo de dos competencias transversales: la educación en Responsabilidad Social Corporativa (RSC) y el aprendizaje del inglés como lengua extranjera. &#xd;
Para este estudio se introdujeron aspectos formativos sobre RSC en veinticinco asignaturas de quince titulaciones diferentes. Se diseñaron estrategias didácticas de naturaleza participativa y flexible, mediante la utilización del método del Aprendizaje Basado en Problemas (ABP), en lengua extranjera (inglés), fomentando el conocimiento de otro idioma. El empleo de las aulas virtuales y las herramientas proporcionadas a través del campus virtual para la ejecución de las actividades (“wikis” y foros), sitúa al alumno en un entorno diverso en el que puede participar de forma intensa y selectiva en la ejecución de las actividades programadas y en su particular proceso de aprendizaje.</subfield>
   </datafield>
   <datafield ind1="8" ind2=" " tag="024">
      <subfield code="a">https://hdl.handle.net/10630/21007</subfield>
   </datafield>
   <datafield tag="653" ind2=" " ind1=" ">
      <subfield code="a">Responsabilidad social de la empresa</subfield>
   </datafield>
   <datafield tag="653" ind2=" " ind1=" ">
      <subfield code="a">Lenguas - Estudio y enseñanza</subfield>
   </datafield>
   <datafield tag="653" ind2=" " ind1=" ">
      <subfield code="a">Inglés - Estudio y enseñanza</subfield>
   </datafield>
   <datafield ind2="0" ind1="0" tag="245">
      <subfield code="a">Responsabilidad social a través del trabajo colaborativo: herramientas virtuales y recursos didácticos en inglés</subfield>
   </datafield>
</record>
</metadata></record></GetRecord></OAI-PMH>